Normal view
MARC view
- Synthesis of highway practice ,
Entry Uniform Title
001 - CONTROL NUMBER
- control field: 22010
003 - CONTROL NUMBER IDENTIFIER
- control field: NUST
005 - DATE AND TIME OF LATEST TRANSACTION
- control field: 20190930113616.0
008 - FIXED-LENGTH DATA ELEMENTS
- fixed length control field: 190930|| aca||aabn | a|a d
040 ## - CATALOGING SOURCE
- Original cataloging agency: NUST
- Transcribing agency: NUST
130 ## - HEADING--UNIFORM TITLE
- Uniform title: Synthesis of highway practice ,
- General subdivision: 0547-5570 ;
- Form subdivision: 194
670 ## - SOURCE DATA FOUND
- Source citation: Work cat.: (NUST)0: Pietrzyk, Michael C. 22009, Electronic Toll and Traffic Management (ETTM) systems /, 1993.
